00390nam a22001337a 450000500170000000800410001702000150005804100130007308200150008610000270010124500730012830000290020165000260023020231127082527.0231127b |||||||| |||| 00| 0 eng d a0409029947 aEnglish  a340.1 ALE  aAlexander, JlEnglish  aClient Care : bButterworths Legal Practice Handbook / cJ Alexander bxii, 95 pages ; c25 cm. aLegal practice bLaw